00560nam a22001937a 4500003001100000005001700011008004100028020001500069040003900084041000800123082001500131100001900146245003400165260004400199650001100243942000700254952009000261999001500351LK-CoMWRAF20230921124122.0230921b1997 |||||||| |||| 00| 0 eng d a1570621802 aLK-CoMWRAFdLK-CoMWRAFeLK-CoMWRAF aeng a297.4bERN aErnst, Carl W. aThe Shambhala Guide to Sufism aBoston :bShambhala publications,c1997 aSufusm cBK 00104070aMAINbMAINd2023-09-21l0o297.4 ERNpRAF1231r2023-09-21w2023-09-21yBK c3587d3587